000 00604nam a2200193Ia 4500
003 GCL
008 140319s9999 xx 000 0 ara d
040 _aGCL /
_cGCL
082 0 4 _a418
_bا ا
100 1 _aاحمد مختار عمر
245 1 0 _aاللغة واللون /
_cاحمد مختار عمر
300 _a267 ص
490 _aالهيئة العامة للاستعلامات
_v0
650 0 4 _aاللغة العربية
650 0 4 _aالاستخدام اللغوى
650 0 4 _aاللغة العربية - الالفاظ
650 0 4 _aالالوان فى الادب
942 _2ddc
_cBK
999 _c47917
_d47917